000 00338pam a2200157a 44500
008 230515b1993 xxu||||| |||| 00| 0 eng d
020 _aNULL
041 _aENGLISH
082 _a630
100 _aJFEE
245 _aGAMT
250 _a2
260 _aDELHI
_bGALGOTIA PUBLICATIONS PVT. LTD.
_c1993
300 _a544
650 _aNULL
999 _c651432
_d651432